000 01000nam a22003137a 4500
001 BR0101498
003 BR-BrBNA
005 20230928100829.0
007 ta
008 230509b bl.||||| |||| 00| 0 por d
040 _aBR-BrBNA
_bpor
_cBiblioteca Nacional de Agricultura
041 _a(Por)
072 _aF62; F60
_b1105
090 _ 1105 BR0101498
100 1 _aOliveira, D.V. de
110 1 _aUniversidade Federal Rural de Pernambuco, Recife (Brasil)
_0Tese (Mestre em Botanica)
110 1 _aUniversidade Estadual do Piaui, Teresina (Brasil)
_0Tese (Mestre em Botanica)
245 1 _aAspectos do crescimento da gravioleira (Annona muricata L.)sob estresse hidrico
260 3 _aRecife, PE (Brasil):
_c2000.
300 _a55 p.
500 _aSummaries (Eng, Por); 7 tables; 22 ref.
650 _aGraviola
650 _aCrescimento
650 _aDeficiencia Hidrica
650 _aFisiologia Vegetal
650 _aStress
909 _a202309
_bLucia
_c55
_dLucia Elande
942 _cBK
999 _c63005
_d63005